[Event "Vicenza op 8th"]
[Site "Vicenza"]
[Date "2004.10.02"]
[Round "1"]
[White "Cora, Massimo"]
[Black "Quaranta, Cristiano"]
[Result "1/2-1/2"]
[WhiteElo "1898"]
[BlackElo "2091"]
[PlyCount "42"]
[EventDate "2004.10.02"]
[EventType "swiss"]
[EventRounds "6"]
[EventCountry "ITA"]
[SourceTitle "EXT 2009"]
[Source "ChessBase"]
[SourceDate "2008.11.26"]
[SourceVersion "1"]
[SourceVersionDate "2008.11.26"]
[SourceQuality "1"]

1. d4 Nf6 2. c4 g6 3. Nc3 Bg7 4. e4 d6 5. f3 0-0 6. Be3 Nc6 7. Nge2 a6 8. Qd2 Rb8 9. h4 h5 10. 0-0-0 b5 11. Nd5 bxc4 12. Nxf6+ Bxf6 13. g4 hxg4 14. h5 Nb4 15. Nc3 c5 16. Bxc4 g5 17. dxc5 Qa5 18. Bd4 Bxd4 19. Qxg5+ Kh7 20. Rxd4 Qxc5 21. Qxc5 dxc5 1/2-1/2